000 00438nam a22001817a 4500
003 MPLRDC
005 20220104124112.0
008 210129b ||||| |||| 00| 0 eng d
082 _a868.71 NDXY-3 c.2
100 _a方路等
245 _a大水
_c
250 _a初版
260 _a
_b马来亚南洋大学校友会
_c1993
300 _b
490 _a微型小说集
650 _a马华文学
942 _cBK
_o868.71 NDXY-3 c.2
999 _c16660
_d16650